Bilance a výhledy K problematice transformace sociální politiky

Bibliographic Details
Main Author: -če- (Author)
Format: Article
Language:Czech
ISSN:0049-0961
Subjects:

MARC

LEADER 00000nab a2200000 a 4500
001 vtls000471924
003 SK-MaSNL
005 20260303004803.0
008 120926c1992 xo 0 cze
015 |a SNBRB19rr/mm-uuuuu 
035 |a CL0472057 
040 |a SNKBUCL  |b slo  |c SNKBUCL  |e AACR2 
041 0 |a cze 
044 |a xo  |c SK 
080 |a 304  |2 1981 
100 1 |a -če-  |4 aut  |9 941742 
245 1 0 |a Bilance a výhledy  |b K problematice transformace sociální politiky  |c -če- 
650 0 7 |a sociálna politika  |2 snkbucl  |9 2333 
655 7 |a články z novín a časopisov  |2 snkbucl  |9 267496 
773 0 |t Sociálna politika  |g Roč. 18, č. 9 (1992), s. 4-6  |x 0049-0961 
850 |a Slovenská národná knižnica v Martine  |a MTA001 
852 |a SNK  |b KIS3GCP 
958 |a RK 
992 |a RBX 
999 |c 1579430  |d 1581360